| 000 | 00844nas a2200265 4500 | ||
|---|---|---|---|
| 001 | BR2018000303 | ||
| 003 | BR-BrBNA | ||
| 005 | 20231205131230.0 | ||
| 007 | ta | ||
| 008 | 230509b bl.|||p| |||| 00| 00por d | ||
| 040 |
_aBR-BrBNA _bpor _cBiblioteca Nacional de Agricultura |
||
| 041 | _a(En) | ||
| 072 | _aL53 | ||
| 100 | 1 | _aMattos, D. da C. | |
| 100 | 1 | _aScrenci-Ribeiro, R. | |
| 100 | 1 | _aCardoso, L.D. | |
| 100 | 1 | _aVidal Junior, M.V. | |
| 245 | 1 | _aCoiple formation and spawning between two female Discus fish (Symphysodon aequifasciatus - Cichlidae)in captivity | |
| 650 | _aACARA | ||
| 650 | _aREPRODUÇÃO ANIMAL | ||
| 650 | _aCOMPORTAMENTO ANIMAL | ||
| 773 | 0 |
_tActa Amazônica (Brazil) _xISSN 0044-5967 _g(Jun 2017), v. 47(2) p. 167-170 _wBR2018000303 |
|
| 909 |
_a202311 _bLúcia _c55 _dLúcia Elande |
||
| 942 |
_2AGRIS _n0 _cANA |
||
| 999 |
_c253693 _d253693 |
||